Účtovný režim dane z pridanej hodnoty

Pokračovanie príspevku z predchádzajúceho čísla. Základné princípy účtovania dane z pridanej hodnoty. Účtovanie DPH je upravené v § 52 ods. 4 až 10 opatrenia MF SR č. 23054/2002-92, ktorým sa ustanovujú podrobnosti o postupoch účtovania a rámcovej účtovej osnove pre podnikateľov účtujúcich v sústav...

ver descrição completa

Na minha lista:
Detalhes bibliográficos
Autor principal: Gášpárová, Eva
Formato: Capítulo de Livro
Idioma:eslovaco
Assuntos:
Tags: Adicionar Tag
Sem tags, seja o primeiro a adicionar uma tag!

MARC

LEADER 00000naa a2200000 4500
001 0240394
005 20221104110925.9
041 0 |a slo 
044 |a SK 
245 1 0 |a Účtovný režim dane z pridanej hodnoty  |c Eva Gášpárová 
520 |a Pokračovanie príspevku z predchádzajúceho čísla. Základné princípy účtovania dane z pridanej hodnoty. Účtovanie DPH je upravené v § 52 ods. 4 až 10 opatrenia MF SR č. 23054/2002-92, ktorým sa ustanovujú podrobnosti o postupoch účtovania a rámcovej účtovej osnove pre podnikateľov účtujúcich v sústave podvojného účtovníctva v z. n. p. Ilustračné príklady. 
610 2 0 |a dane z hodnoty pridanej 
610 2 0 |a postupy účtovné 
610 2 0 |a odvody 
610 2 0 |a podnikatelia 
100 1 |a Gášpárová, Eva